000
00313nam a22001457a 4500
003
SGT
020
_a
978-81-89986-38-4
082
_a
617.5
_b
S12S
100
_a
SHARMA,TARACHAND
245
_a
SHALYA VIJNANA
260
_a
VARANASI
_b
CHAUKHAMBA PUB
_c
2012
300
_a
304
650
_a
AYURVEDA
942
_2
ddc
_c
BK
999
_c
16583
_d
16583